Bioteknologi moden tumbuhan (Record no. 138810)

MARC details
000 -LEADER
fixed length control field 00865nam a2200265 i 4500
001 - CONTROL NUMBER
control field C2-0341849
003 - CONTROL NUMBER IDENTIFIER
control field PPAK
005 - DATE AND TIME OF LATEST TRANSACTION
control field 20180728143403.0
008 - FIXED-LENGTH DATA ELEMENTS--GENERAL INFORMATION
fixed length control field 170615s2017 my |||| ||||| | may d
020 ## - INTERNATIONAL STANDARD BOOK NUMBER
International Standard Book Number 9789674123925
040 ## - CATALOGING SOURCE
Original cataloging agency PPAK
Language of cataloging eng
Transcribing agency PPAK
Description conventions rda
082 04 - DEWEY DECIMAL CLASSIFICATION NUMBER
Classification number 660.6088297
Edition number 23
090 00 - LOCALLY ASSIGNED LC-TYPE CALL NUMBER (OCLC); LOCAL CALL NUMBER (RLIN)
Classification number (OCLC) (R) ; Classification number, CALL (RLIN) (NR) 660.6088297
Feature heading SIT
Feature heading G
100 0# - MAIN ENTRY--PERSONAL NAME
Personal name Siti Fairuz Sujak,
Relator term author
245 10 - TITLE STATEMENT
Title Bioteknologi moden tumbuhan
264 #1 - PRODUCTION, PUBLICATION, DISTRIBUTION, MANUFACTURE, AND COPYRIGHT NOTICE
Place of production, publication, distribution, manufacture Bangi, Selangor :
Name of producer, publisher, distributor, manufacturer Penerbit Universiti Kebangsaan Malaysia ,
Date of production, publication, distribution, manufacture, or copyright notice 2017
300 ## - PHYSICAL DESCRIPTION
Extent 216 pages ;
Dimensions 23 cm
336 ## - CONTENT TYPE
Source rdacontent
Content type term text
337 ## - MEDIA TYPE
Source rdamedia
Media type term unmediated
338 ## - CARRIER TYPE
Source rdacarrier
Carrier type term volume
500 ## - GENERAL NOTE
General note Includes bibliographical references and index.
650 10 - SUBJECT ADDED ENTRY--TOPICAL TERM
Topical term or geographic name entry element Biotechnology - Religious aspects - Islam. ; Plants - Genetic engineering. ; Government publications - Malaysia.
700 ## - ADDED ENTRY--PERSONAL NAME
Relator term author
942 ## - ADDED ENTRY ELEMENTS (KOHA)
-- dc
Koha item type Book
Holdings
Withdrawn Not for loan Current library Shelving location Date acquired Full call number Barcode Date last seen Koha item type Total Checkouts Date last checked out
    Perpustakaan Alor Setar Pinjaman Dewasa 02/07/2017 660.6088297 SIT A01523996 09/05/2018 Book    
    Perpustakaan Awam Sungai Petani Pinjaman Dewasa 02/07/2017 660.6088297 SIT A01523997 09/05/2018 Book    
    Perpustakaan Baling Pinjaman Dewasa 02/07/2017 660.6088297 SIT A01524003 09/05/2018 Book    
    Perpustakaan Bandar Baharu Pinjaman Dewasa 02/07/2017 660.6088297 SIT A01524004 09/05/2018 Book    
    Perpustakaan Kuala Nerang Pinjaman Dewasa 02/07/2017 660.6088297 SIT A01524005 09/05/2018 Book    
    Perpustakaan Kulim Pinjaman Dewasa 02/07/2017 660.6088297 SIT A01524000 09/05/2018 Book    
    Perpustakaan Langkawi Pinjaman Dewasa 02/07/2017 660.6088297 SIT A01523999 09/05/2018 Book    
    Perpustakaan Merbok Pinjaman Dewasa 02/07/2017 660.6088297 SIT A01524006 09/05/2018 Book    
    Perpustakaan Sik Pinjaman Dewasa 02/07/2017 660.6088297 SIT A01524002 09/05/2018 Book    
    Perpustakaan Yan Pinjaman Dewasa 02/07/2017 660.6088297 SIT A01524001 02/02/2020 Book 1 12/01/2020